The Champions of the MLB, NBA, NFL, and NHL - Sudden Death rules - Statistics

General Stats
  • This quiz has been taken 6,652 times
    1,779 since last reset
  • The average score is 26 of 87
Answers on the Grid
Answers color-coded by a green-red scale on the quiz's grid according to % correct below.
Anaheim Ducks
Arizona Cardinals
Arizona Diamondbacks
Atlanta Braves
Atlanta Falcons
Atlanta Hawks
Baltimore Orioles
Baltimore Ravens
Boston Bruins
Boston Celtics
Boston Red Sox
Brooklyn Nets
Buffalo Bills
Buffalo Sabres
Calgary Flames
Carolina Hurricanes
Carolina Panthers
Charlotte Hornets
Chicago Bears
Chicago Blackhawks
Chicago Bulls
Chicago Cubs
Chicago White Sox
Cincinnati Bengals
Cincinnati Reds
Cleveland Browns
Cleveland Cavaliers
Cleveland Guardians
Colorado Avalanche
Colorado Rockies
Columbus Blue Jackets
Dallas Cowboys
Dallas Mavericks
Dallas Stars
Denver Broncos
Denver Nuggets
Detroit Lions
Detroit Pistons
Detroit Red Wings
Detroit Tigers
Edmonton Oilers
Florida Panthers
Golden State Warriors
Green Bay Packers
Houston Astros
Houston Rockets
Houston Texans
Indiana Pacers
Indianapolis Colts
Jacksonville Jaguars
Kansas City Chiefs
Kansas City Royals
Las Vegas Raiders
Los Angeles Angels
Los Angeles Chargers
Los Angeles Clippers
Los Angeles Dodgers
Los Angeles Kings
Los Angeles Lakers
Los Angeles Rams
Memphis Grizzlies
Miami Dolphins
Miami Heat
Miami Marlins
Milwaukee Brewers
Milwaukee Bucks
Minnesota Timberwolves
Minnesota Twins
Minnesota Vikings
Minnesota Wild
Montreal Canadiens
Nashville Predators
New England Patriots
New Jersey Devils
New Orleans Pelicans
New Orleans Saints
New York Giants
New York Islanders
New York Jets
New York Knicks
New York Mets
New York Rangers
New York Yankees
Oakland Athletics
Oklahoma City Thunder
Orlando Magic
Ottawa Senators
Philadelphia 76ers
Philadelphia Eagles
Philadelphia Flyers
Philadelphia Phillies
Phoenix Suns
Pittsburgh Penguins
Pittsburgh Pirates
Pittsburgh Steelers
Portland Trail Blazers
Sacramento Kings
San Antonio Spurs
San Diego Padres
San Francisco 49ers
San Francisco Giants
San Jose Sharks
Seattle Kraken
Seattle Mariners
Seattle Seahawks
St. Louis Blues
St. Louis Cardinals
Tampa Bay Buccaneers
Tampa Bay Lightning
Tampa Bay Rays
Tennessee Titans
Texas Rangers
Toronto Blue Jays
Toronto Maple Leafs
Toronto Raptors
Utah Jazz
Utah Mammoth
Vancouver Canucks
Vegas Golden Knights
Washington Capitals
Washington Commanders
Washington Nationals
Washington Wizards
Winnipeg Jets
 
Answer Stats
Answer % Correct
Boston Celtics
70%
Boston Red Sox
64%
Baltimore Ravens
63%
Chicago Bulls
56%
Atlanta Braves
55%
Boston Bruins
53%
Chicago Bears
49%
Chicago Cubs
47%
Cleveland Cavaliers
47%
Dallas Cowboys
46%
Denver Broncos
45%
Anaheim Ducks
44%
Denver Nuggets
44%
Golden State Warriors
44%
Dallas Mavericks
43%
Arizona Diamondbacks
42%
Chicago Blackhawks
42%
Green Bay Packers
42%
Kansas City Chiefs
41%
Los Angeles Dodgers
40%
Los Angeles Lakers
39%
Chicago White Sox
38%
Detroit Pistons
37%
Houston Astros
37%
Indianapolis Colts
36%
Miami Heat
36%
Colorado Avalanche
34%
Florida Panthers
34%
Los Angeles Rams
34%
Baltimore Orioles
33%
Carolina Hurricanes
32%
Detroit Red Wings
32%
New England Patriots
32%
Houston Rockets
31%
Milwaukee Bucks
31%
New York Giants
31%
New York Yankees
31%
Edmonton Oilers
30%
Miami Dolphins
30%
Oklahoma City Thunder
30%
Philadelphia Eagles
30%
New Orleans Saints
29%
Cincinnati Reds
28%
San Francisco 49ers
28%
Las Vegas Raiders
27%
New York Knicks
27%
Seattle Seahawks
27%
Dallas Stars
26%
Detroit Tigers
26%
Kansas City Royals
26%
Pittsburgh Steelers
26%
San Antonio Spurs
26%
Los Angeles Kings
25%
New York Jets
25%
Atlanta Hawks
24%
New York Mets
24%
New York Rangers
24%
Tampa Bay Buccaneers
24%
Calgary Flames
23%
Montreal Canadiens
23%
Philadelphia 76ers
23%
Pittsburgh Penguins
23%
Cleveland Guardians
22%
Toronto Raptors
22%
Los Angeles Angels
21%
Philadelphia Phillies
21%
San Francisco Giants
21%
Vegas Golden Knights
20%
Miami Marlins
19%
New York Islanders
19%
Tampa Bay Lightning
19%
Washington Nationals
19%
Philadelphia Flyers
18%
Texas Rangers
18%
Toronto Blue Jays
18%
Toronto Maple Leafs
18%
Washington Commanders
18%
New Jersey Devils
17%
Oakland Athletics
17%
St. Louis Cardinals
17%
Pittsburgh Pirates
16%
Washington Capitals
16%
St. Louis Blues
14%
Minnesota Twins
13%
Portland Trail Blazers
13%
Washington Wizards
9%
Sacramento Kings
6%
No matching quizzes found
Score Distribution
Percent of People with Each Score
Percentile by Number Answered
Your Score History
You have not taken this quiz since the last reset